000 00643cam a22002291 4500
001 sa 65004293
003 DLC
005 20260227112129.0
008 940404s1959 ii 000 0 eng
010 _asa 65004293
025 _aPL480:I-E-2960
035 _a(OCoLC)30085496
040 _aDLC
_cCU
_dDLC
042 _apremarc
050 0 0 _aPK3797
_b.P3
100 1 _aPanda, Pitambar.
245 1 0 _aKālidāsa in his own words.
260 _a[Balasore?
_c1959]
300 _a158 p.
_c23 cm.
505 0 _aIntroduction.--Works of Kālidāsa.--Land of Kālidāsa.--Age of Kālidāsa.--Life-sketch of Kālidāsa.
600 0 0 _aKālidāsa.
999 _c63661
_d63661